Muntu: las culturas neoafricanas

Enregistré dans:
Détails bibliographiques
Auteur principal: Jahn, Janheinz (Auteur)
Format: Livre
Langue:espagnol
Publié: Ciudad de México Fondo de Cultura Económica 1963
Collection:Colección Popular Tiempo Presente, 44
Sujets:
Tags: Ajouter un tag
Pas de tags, Soyez le premier à ajouter un tag!

MARC

LEADER 00000nam a2200000 a 4500
001 UCO2300
003 CL-VaPUC
008 000602e19630000MX |||||||||||||||||spa|d
082 0 4 |a 306.0960  |b JAH  |2 21 
100 |a Jahn, Janheinz  |e author  |9 460977 
245 1 0 |a Muntu: las culturas neoafricanas 
300 |a 348 p 
942 |c BK 
945 |d 20000602 00:00:00  |a rherrera 
260 |a Ciudad de México  |b Fondo de Cultura Económica  |c 1963 
650 7 |a CULTURA AFRICANA  |2 CL-VaPUC  |9 445337 
650 7 |a TRADICIONES AFRICANAS  |2 CL-VaPUC  |9 445338 
650 0 |a Arte africano  |9 330415 
650 7 |a HISTORIA DE AFRICA  |2 CL-VaPUC  |9 437682 
651 0 |a África  |9 256790 
583 |a last modification  |c 20000602 00:00:00  |k Rodrigo Vera 
490 0 |a Colección Popular Tiempo Presente, 44 
999 |c 288836  |d 288834 
952 |0 0  |1 0  |4 0  |6 306_096000000000000_JAH_1963  |7 0  |8 A  |9 336779  |a BIBHIS  |b BIBHIS  |d 2019-11-20  |i 1284800  |o 306.0960 JAH 1963  |p 1284800  |r 2025-01-20  |w 2019-11-20  |y BK  |k HIS